000 00804nam a2200265Ia 4500
003 OSt
005 20220918221200.0
006 a|||||r|||| 00| 0
007 ta
008 220917b |||||||| |||| 00| 0 eng d
024 _a148,638
037 _cTextual
040 _aARTS
_cARTS
_beng
041 _2eng
_aeng
082 _aTt2:N44, H4;K4
110 _aCentral Advisory Board of Education (India)
_9139458
245 0 _aPost war educational development in India
_b Report
260 _aNew Delhi
_bMinistry of Education
_c1964
300 _a179p.
_ccm.
490 _aIndia,Education(Ministry of-) publication; 704
650 _aEDUCATION
700 _aCentral Advisory Board of Education (India)
_9139459
942 _hTt2:N44, H4;K4
_cTEXL
_2CC
999 _c271315
_d271315